000 00427 a2200169 4500
020 _a1-57259-673-2
040 _aDLC
_bDLC
082 _a530
082 _a530
100 1 _aTipler, Paul A.
245 0 0 _aPhysics for scientists and engineers
_cPaul A. Tipler
250 _a4. ed.
260 _aNew York :
_bW.H. Freeman/Worth Publ.,
_c1998
300 _a1335 s. :
500 _aPrevious ed.: 1991
942 _cBK
_k530 TIP
_2ddc
999 _c7649
_d7649